Reader (Record no. 227628)
[ view plain ]
| 000 -LEADER | |
|---|---|
| fixed length control field | 01619nam a22002297a 4500 |
| 005 - DATE AND TIME OF LATEST TRANSACTION | |
| control field | 20260129095919.0 |
| 008 - FIXED-LENGTH DATA ELEMENTS--GENERAL INFORMATION | |
| fixed length control field | 230623b ||||| |||| 00| 0 eng d |
| 020 ## - INTERNATIONAL STANDARD BOOK NUMBER | |
| International Standard Book Number | 9780753823293 |
| 040 ## - CATALOGING SOURCE | |
| Transcribing agency | AL |
| 041 ## - LANGUAGE CODE | |
| Language code of text/sound track or separate title | eng |
| 082 ## - DEWEY DECIMAL CLASSIFICATION NUMBER | |
| Edition number | 23 |
| Classification number | 833.914 |
| Item number | SCHR |
| 100 ## - MAIN ENTRY--PERSONAL NAME | |
| Personal name | Bernhard Schlink |
| 100 ## - MAIN ENTRY--PERSONAL NAME | |
| 9 (RLIN) | 253054 |
| 245 ## - TITLE STATEMENT | |
| Title | Reader |
| 260 ## - PUBLICATION, DISTRIBUTION, ETC. | |
| Place of publication, distribution, etc. | London |
| Name of publisher, distributor, etc. | Phoenix |
| 300 ## - PHYSICAL DESCRIPTION | |
| Extent | vi,216p. |
| Other physical details | PB |
| Dimensions | 19x13cm. |
| 365 ## - TRADE PRICE | |
| Source of price type code | English |
| Price amount | 7.99 |
| Currency code | £ |
| Unit of pricing | 7.99 |
| 520 ## - SUMMARY, ETC. | |
| Summary, etc. | An exceptionally powerful novel exploring the themes of betrayal, guilt and memory against the background of the Holocaust. An international bestseller.For 15-year-old Michael Berg, a chance meeting with an older woman leads to far more than he ever imagined. The woman in question is Hanna, and before long they embark on a passionate, clandestine love affair which leaves Michael both euphoric and confused. For Hanna is not all she seems. Years later, as a law student observing a trial in Germany, Michael is shocked to realize that the person in the dock is Hanna. The woman he had loved is a criminal. Much about her behaviour during the trial does not make sense. But then suddenly, and terribly, it does - Hanna is not only obliged to answer for a horrible crime, she is also desperately concealing an even deeper secret.'A tender, horrifying novel that shows blazingly well how the Holocaust should be dealt with in fiction. A thriller, a love story and a deeply moving examination of a German conscience' INDEPENDENT |
| 650 ## - SUBJECT ADDED ENTRY--TOPICAL TERM | |
| Topical term or geographic name entry element | German Fiction in English |
| 9 (RLIN) | 124673 |
| 650 ## - SUBJECT ADDED ENTRY--TOPICAL TERM | |
| Topical term or geographic name entry element | English Novel |
| 9 (RLIN) | 124674 |
| 700 ## - ADDED ENTRY--PERSONAL NAME | |
| Personal name | Janeway Carol Brown Tr |
| 9 (RLIN) | 124676 |
| 942 ## - ADDED ENTRY ELEMENTS (KOHA) | |
| Source of classification or shelving scheme | Dewey Decimal Classification |
| Koha item type | Donated Books |
| Withdrawn status | Lost status | Source of classification or shelving scheme | Damaged status | Not for loan | Collection code | Home library | Current library | Date acquired | Total Checkouts | Full call number | Barcode | Date last seen | Price effective from | Koha item type |
|---|---|---|---|---|---|---|---|---|---|---|---|---|---|---|
| Dewey Decimal Classification | English | St Aloysius Library | St Aloysius Library | 06/17/2023 | 833.914 SCHR | D05883 | 06/23/2023 | 06/23/2023 | Donated Books |